Newspapers - Sudden Death - Statistics

General Stats
  • This quiz has been taken 743 times
    165 since last reset
  • The average score is 6 of 49
Answers on the Grid
Answers color-coded by a green-red scale on the quiz's grid according to % correct below.
The New York Times
Le Monde
Forbes
Maxim
Playboy
Hello!
Marie Claire
Bild
Haaretz
Grazia
El País
Vanity Fair
The New Yorker
Sports Illustrated
Wired
The Asahi Shimbun
Kronen Zeitung
Pravda
The Fader
The Guardian
Hürriyet
Al-Ahram
People
Empire
Kathimerini
Billboard
National Geographic
Tatler
Vogue
La Stampa
Toronto Star
China Daily
De Telegraaf
Rolling Stone
GQ
The Washington Post
Kommersant
The Source
Private Eye
Die Welt
The Jakarta Post
A Bola
Variety
XXL
El Mundo
Jacobin
The Huffington Post
The Namibian
Newsweek
Charlie Hebdo
Le Figaro
The Times of India
Dagbladet
The Economist
Mad
The Sun
Dazed
Hustler
Penthouse
Abrar
Reader's Digest
Financial Times
Closer
The Japan Times
la Repubblica
Men's Health
Harper's Bazaar
The Jerusalem Post
FourFourTwo
Mojo
L'Équipe
Sabah
Glamour
OK!
Gazeta Wyborcza
The Herald
Fortune
O Globo
Monocle
The Times
Heat
FHM
Esquire
Marca
Weekly Shōnen Jump
Daily Mirror
Clarín
The Atlantic
Mundo Deportivo
Cosmopolitan
Elle
The Independent
The Week
Daily Mail
The Observer
Okaz
Argumenty i Fakty
Time
La Vanguardia
 
Answer Stats
Answer % Correct
The New York Times
54%
Le Monde
37%
The Washington Post
28%
Daily Mirror
24%
The Guardian
22%
Bild
20%
Financial Times
20%
The Economist
17%
The Independent
17%
The Jerusalem Post
17%
la Repubblica
15%
Pravda
15%
The Herald
15%
The Jakarta Post
15%
Toronto Star
15%
Daily Mail
13%
Le Figaro
13%
The Japan Times
13%
The Sun
13%
The Times
13%
China Daily
11%
De Telegraaf
11%
Die Welt
11%
El Mundo
11%
Haaretz
11%
El País
9%
Hürriyet
9%
La Vanguardia
9%
L'Équipe
9%
The Times of India
9%
Gazeta Wyborcza
7%
Kathimerini
7%
Kronen Zeitung
7%
La Stampa
7%
The Asahi Shimbun
7%
Al-Ahram
4%
Kommersant
4%
Mundo Deportivo
4%
O Globo
4%
The Namibian
4%
The Observer
4%
Abrar
2%
Clarín
2%
Dagbladet
2%
Sabah
2%
A Bola
0%
Argumenty i Fakty
0%
Marca
0%
Okaz
0%
No matching quizzes found
Score Distribution
Percent of People with Each Score
Percentile by Number Answered
Your Score History
You have not taken this quiz since the last reset